Central Library OPAC University of Rajshahi

বাংলার ঔপনিবেশিক স্থাপত্য : (Record no. 82256)

MARC details
000 -LEADER
fixed length control field 01800nam a2200265 a 4500
001 - CONTROL NUMBER
RUCL Control Number 82256
003 - CONTROL NUMBER IDENTIFIER
rucl marc code BD-RjUL
005 - DATE AND TIME OF LATEST TRANSACTION
control field 20240125114549.0
008 - FIXED-LENGTH DATA ELEMENTS--GENERAL INFORMATION
fixed length control field 231106s2022 bg a|||| m||| 00| 0 ben d
035 ## - SYSTEM CONTROL NUMBER
system control number (BD-RjUL)82256
040 ## - CATALOGING SOURCE
Original cataloging agency BD-RjUL
Language of cataloging ben / eng
Transcribing agency BD-RjUL
Modifying agency BD-RjUL
041 ## - LANGUAGE CODE
Language code of Book ben
082 ## - DEWEY DECIMAL CLASSIFICATION NUMBER
DDC Edition number 23
Classification number 724.54925
Author mark and Year HOB 2022
100 ## - MAIN ENTRY--PERSONAL NAME
Personal name হোসেন, মো. সাফায়েত
9 (RLIN) 9947
245 10 - TITLE STATEMENT
Title বাংলার ঔপনিবেশিক স্থাপত্য :
Remainder of title যশোর জেলা (১৭৬৫-১৯৪৭) /
Statement of responsibility, etc মো. সাফায়েত হোসেন ;
Name of Supervisor/Co-Supervisor গবেষণা তত্ত্বাবধায়ক : কাজী মো. মোস্তাফিজুর রহমান.
246 ## - VARYING FORM OF TITLE
Title proper/short title Colonial Architecture of Bengal :
Remainder of title Jashore District (1765-1947) /
260 ## - PUBLICATION, DISTRIBUTION, ETC. (IMPRINT)
Place of publication, distribution, etc রাজশাহী :
Name of publisher, distributor, etc ইনস্টিটিউট অব বাংলাদেশ স্টাডিজ, রাজশাহী বিশ্ববিদ্যালয়,
Date of publication, distribution, etc ২০২২.
300 ## - PHYSICAL DESCRIPTION
Pagination xviii, ৪০৯ পাতা :
Other physical details চিত্র ;
Dimensions ২৯ সেমি.
502 ## - DISSERTATION NOTE
Dissertation note থিসিস (পিএইচ. ডি.) -- ইনস্টিটিউট অব বাংলাদেশ স্টাডিজ, রাজশাহী বিশ্ববিদ্যালয়, ২০২২
504 ## - BIBLIOGRAPHY, ETC. NOTE
Bibliography, etc গ্রন্থপঞ্জি : পাতা [৪০৩]-৪০৯
650 ## - SUBJECT ADDED ENTRY--TOPICAL TERM
Topical term or geographic name as entry element ঔপনিবেশিক স্হাপত্য
Form subdivision ১৭৬৫-১৯৪৭
Geographic subdivision যশোর জেলা
9 (RLIN) 9948
Topical term or geographic name as entry element Colonial Architecture
Form subdivision 1765-1947
Geographic subdivision Jashore District
9 (RLIN) 9949
700 ## - ADDED ENTRY--SUPERVISOR/CO-SUPERVISOR NAME
Personal name রহমান, কাজী মো. মোস্তাফিজুর, গবেষণা তত্ত্বাবধায়ক
9 (RLIN) 9950
942 ## - ADDED ENTRY ELEMENTS (KOHA)
Source of classification or shelving scheme Dewey Decimal Classification
Koha item type Theses
Holdings
Source of classification or shelving scheme Damaged status Not for loan Collection code Permanent Location Current Location Shelving location Date of accession Source of acquisition Total Checkouts Full call number Barcode Date last seen Copy number Thesis
Dewey Decimal Classification   Not For Loan Theses Central Library, University of Rajshahi Central Library, University of Rajshahi Documentation Section 12/10/2023 Controller of Exam. R. U.   BTHE 724.54925 HOB 2022 D4895 06/11/2023 C-1 Theses